000 00734nam a22002177a 4500
999 _c5721
_d5721
003 AR-CdUCM
008 190313b ||||| |||| 00| 0 spa d
040 _aMUNICIPALIDAD PROVINCIAL DEL CUSCO
_cBIBLIOTECA MUNICIPAL DEL CUSCO
082 _a818.5 /
_bF263
100 _aFaulkner, William
_954
245 _aCompasión, sacrificio y perseverancia /
260 _aCaracas :
_bEditorial del Washington Daily News,
_c1962.
300 _a31 páginas ;
_bFotografías,
_c23 cm.
500 _aDonación familia Nieto
505 _aContenido: Biografía de William Faulkner.
650 _aBiografía de William Faulkner
_917036
650 _aPoesía
_9139
650 _adiscurso de Faulkner
_917037
942 _2ddc
_cLIBROS
945 _adavv